[Event "18. Open de Sants Hostafrancs 2016"]
[Site "Barcelona ESP"]
[Date "2016.08.25"]
[Round "7.23"]
[White "Mihajlov, Sebastian"]
[Black "Bailet, Pierre"]
[Result "1-0"]
[WhiteElo "2356"]
[BlackElo "2492"]
[PlyCount "81"]
[EventDate "2016.08.19"]
[EventType "swiss"]
[EventRounds "10"]
[EventCountry "ESP"]
[SourceTitle "Ajedrez en Madrid"]
[Source "lmi"]
[SourceDate "2016.08.19"]

1. d4 Nf6 2. c4 d6 3. Nf3 g6 4. Nc3 Bg7 5. e4 O-O 6. h3 Na6 7. Be3 c6 8. Be2
Qe8 9. O-O e5 10. d5 Qe7 11. Ne1 Nc5 12. Bf3 a5 13. Qd2 cxd5 14. cxd5 b6 15.
Nc2 Bd7 16. b4 axb4 17. Nxb4 Rfc8 18. Rab1 Qf8 19. Kh2 h5 20. g3 Kh7 21. Bg2
Ra3 22. Qb2 Rca8 23. Nc6 Qc8 24. Nb4 Bh6 25. Bxh6 Kxh6 26. f4 Kg7 27. fxe5 dxe5
28. d6 h4 29. g4 Ne6 30. Ncd5 Nxd5 31. exd5 Nd4 32. Qf2 f5 33. Qxh4 Qd8 34.
Qxd8 Rxd8 35. Nc6 Re8 36. Rxb6 Bc8 37. d7 Bxd7 38. Rb7 Ne2 39. Rxd7+ Kf6 40.
gxf5 gxf5 41. Rd6+ 1-0

[Event "18. Open de Sants Hostafrancs 2016"]
[Site "Barcelona ESP"]
[Date "2016.08.25"]
[Round "7.24"]
[White "Colmenares, Aurelio"]
[Black "Arenas, David"]
[Result "1-0"]
[WhiteElo "2350"]
[BlackElo "2490"]
[PlyCount "65"]
[EventDate "2016.08.19"]
[EventType "swiss"]
[EventRounds "10"]
[EventCountry "ESP"]
[SourceTitle "Ajedrez en Madrid"]
[Source "lmi"]
[SourceDate "2016.08.19"]

1. e4 c5 2. Nf3 d6 3. d4 Nf6 4. Nc3 cxd4 5. Nxd4 g6 6. Be3 a6 7. f3 b5 8. Qd2
Bb7 9. a4 bxa4 10. Rxa4 Bg7 11. Nb3 Nc6 12. Be2 O-O 13. O-O Nd7 14. Rfa1 a5 15.
Bb5 Nb6 16. R4a2 Qc7 17. Qf2 Nc8 18. Nd5 Qb8 19. c4 e6 20. Nc3 N8a7 21. Nxa5
Nxb5 22. Nxb5 Nb4 23. Ra3 Nc6 24. Nxb7 Qxb7 25. Nxd6 Rxa3 26. Rxa3 Qxb2 27.
Qxb2 Bxb2 28. Ra6 Ne7 29. c5 Be5 30. f4 Bc3 31. Kf2 Rb8 32. Rb6 Rxb6 33. cxb6
1-0

[Event "18. Open de Sants Hostafrancs 2016"]
[Site "Barcelona ESP"]
[Date "2016.08.25"]
[Round "7.25"]
[White "Vidarte Morales, Arturo"]
[Black "Ducarmon, Quinten"]
[Result "0-1"]
[WhiteElo "2324"]
[BlackElo "2467"]
[PlyCount "142"]
[EventDate "2016.08.19"]
[EventType "swiss"]
[EventRounds "10"]
[EventCountry "ESP"]
[SourceTitle "Ajedrez en Madrid"]
[Source "lmi"]
[SourceDate "2016.08.19"]

1. Nf3 d5 2. g3 Bg4 3. Bg2 c6 4. O-O Nd7 5. d3 e5 6. Qe1 Ngf6 7. Nfd2 Bc5 8.
Nc3 O-O 9. e4 dxe4 10. dxe4 b5 11. Nd1 a5 12. Ne3 Be6 13. Kh1 Ng4 14. Nxg4 Bxg4
15. f4 f6 16. f5 a4 17. h3 Bh5 18. a3 Nb6 19. g4 Bf7 20. g5 fxg5 21. Nf3 Bc4
22. Bxg5 Qe8 23. Rf2 Bxf2 24. Qxf2 Nd7 25. Re1 Bf7 26. Qg3 Kh8 27. Be3 Rd8 28.
Bg5 Ra8 29. Bd2 Qe7 30. Bc3 Rae8 31. Bf1 Bh5 32. Ng5 h6 33. Ne6 Rf6 34. h4 Rxe6
35. fxe6 Qxe6 36. Bh3 Qe7 37. Bxd7 Qxd7 38. Bxe5 Re6 39. Qc3 Qe7 40. Bg3 Rxe4
41. Kg1 Bg6 42. Rxe4 Qxe4 43. Kf2 Kh7 44. Qd2 Qf5+ 45. Kg1 Qf3 46. Qc3 Qd1+ 47.
Be1 Bxc2 48. Kf2 Be4 49. Qe3 Qc2+ 50. Bd2 Bd5 51. Qd4 Qf5+ 52. Qf4 Kg6 53.
Qxf5+ Kxf5 54. Bc3 g5 55. hxg5 hxg5 56. Ke3 Bh1 57. Be1 Ke5 58. Bc3+ Kd5 59.
Bf6 g4 60. Bh4 Kc4 61. Kd2 Be4 62. Bg3 Bf5 63. Bf2 Bg6 64. Bh4 c5 65. Bf2 b4
66. Kc1 Kd5 67. Kd2 bxa3 68. bxa3 c4 69. Kc3 Bf7 70. Kb4 Ke4 71. Be1 Kd3 0-1

[Event "18. Open de Sants Hostafrancs 2016"]
[Site "Barcelona ESP"]
[Date "2016.08.25"]
[Round "7.26"]
[White "Olivares Canelles, Francisco"]
[Black "Petrosyan, Tigran S"]
[Result "1-0"]
[WhiteElo "2314"]
[BlackElo "2462"]
[PlyCount "75"]
[EventDate "2016.08.19"]
[EventType "swiss"]
[EventRounds "10"]
[EventCountry "ESP"]
[SourceTitle "Ajedrez en Madrid"]
[Source "lmi"]
[SourceDate "2016.08.19"]

1. d4 d5 2. c4 c6 3. Nc3 Nf6 4. e3 e6 5. Nf3 Nbd7 6. b3 Bd6 7. Be2 O-O 8. O-O
b6 9. Bb2 Bb7 10. Qc2 Qe7 11. Rfd1 Rad8 12. Rac1 h6 13. g3 Rfe8 14. a4 a5 15.
Qb1 Rc8 16. Qa1 Red8 17. Nb1 c5 18. Nbd2 cxd4 19. exd4 Bb4 20. Bf1 Rc7 21. Ne1
Rdc8 22. Nd3 Bxd2 23. Rxd2 dxc4 24. Ba3 Qe8 25. bxc4 Rxc4 26. Rxc4 Rxc4 27. Nc5
Nxc5 28. Bxc4 Qc6 29. d5 Qxa4 30. Qa2 exd5 31. Bxc5 Qxa2 32. Bxa2 bxc5 33. Rb2
Ba6 34. Rb8+ Kh7 35. Bb1+ Ne4 36. f3 f5 37. fxe4 fxe4 38. Ra8 1-0

[Event "18. Open de Sants Hostafrancs 2016"]
[Site "Barcelona ESP"]
[Date "2016.08.25"]
[Round "7.27"]
[White "Satyapragyan, Swayangsu"]
[Black "Vehi Bach, Victor Manuel"]
[Result "1-0"]
[WhiteElo "2462"]
[BlackElo "2318"]
[PlyCount "101"]
[EventDate "2016.08.19"]
[EventType "swiss"]
[EventRounds "10"]
[EventCountry "ESP"]
[SourceTitle "Ajedrez en Madrid"]
[Source "lmi"]
[SourceDate "2016.08.19"]

1. e4 c5 2. Nf3 e6 3. d4 cxd4 4. Nxd4 Nf6 5. Nc3 d6 6. g4 h6 7. h4 Nc6 8. Rg1
d5 9. exd5 Nxd5 10. Nxd5 Qxd5 11. Bg2 Qc4 12. Nxc6 bxc6 13. Qe2 Qxe2+ 14. Kxe2
Ba6+ 15. Ke1 Bb7 16. Be3 O-O-O 17. Rd1 Be7 18. h5 c5 19. Bxb7+ Kxb7 20. Ke2 Kc6
21. f4 Bf6 22. Bc1 Rb8 23. b3 Rbd8 24. Rxd8 Bxd8 25. Kf3 Bf6 26. Be3 Bc3 27.
Rd1 a6 28. Ke4 Ba5 29. Rg1 Bd8 30. Kd3 Be7 31. Ke4 g6 32. Rh1 Rg8 33. g5 gxh5
34. Rxh5 hxg5 35. fxg5 Rg6 36. a3 f6 37. Rh6 Rg8 38. gxf6 Bf8 39. Rh7 Rg3 40.
Kd3 Rf3 41. f7 Kd5 42. c4+ Ke5 43. Ke2 Rf5 44. b4 cxb4 45. axb4 Kf6 46. c5 Kg6
47. c6 Bd6 48. c7 Bxc7 49. f8=Q Rxf8 50. Rxc7 Rb8 51. Bc5 1-0

[Event "18. Open de Sants Hostafrancs 2016"]
[Site "Barcelona ESP"]
[Date "2016.08.25"]
[Round "7.28"]
[White "Flick, Antoine"]
[Black "Goh, Wei Ming Kevin"]
[Result "1/2-1/2"]
[WhiteElo "2282"]
[BlackElo "2435"]
[PlyCount "72"]
[EventDate "2016.08.19"]
[EventType "swiss"]
[EventRounds "10"]
[EventCountry "ESP"]
[SourceTitle "Ajedrez en Madrid"]
[Source "lmi"]
[SourceDate "2016.08.19"]

1. d4 g6 2. Nf3 Bg7 3. c4 Nf6 4. Nc3 d5 5. cxd5 Nxd5 6. e4 Nxc3 7. bxc3 c5 8.
Rb1 O-O 9. Be2 Nc6 10. d5 Bxc3+ 11. Bd2 Bxd2+ 12. Qxd2 Na5 13. h4 Bg4 14. h5
Bxf3 15. gxf3 e5 16. hxg6 fxg6 17. d6 b6 18. Qd5+ Kg7 19. Qxe5+ Qf6 20. Qh2 h5
21. Rd1 Nc6 22. Qg3 Kh6 23. Rd5 Nd4 24. d7 Ne6 25. e5 Qf4 26. Rd6 Qc1+ 27. Bd1
Qc3+ 28. Kf1 Nf4 29. Rg1 Qc4+ 30. Ke1 Qc3+ 31. Kf1 Qc4+ 32. Ke1 Kh7 33. Qg5
Qc3+ 34. Kf1 Qc4+ 35. Ke1 Qc3+ 36. Kf1 Qc4+ 1/2-1/2

[Event "18. Open de Sants Hostafrancs 2016"]
[Site "Barcelona ESP"]
[Date "2016.08.25"]
[Round "7.29"]
[White "Martinez Pla, Xavier"]
[Black "Cruz, Jonathan"]
[Result "0-1"]
[WhiteElo "2145"]
[BlackElo "2433"]
[PlyCount "92"]
[EventDate "2016.08.19"]
[EventType "swiss"]
[EventRounds "10"]
[EventCountry "ESP"]
[SourceTitle "Ajedrez en Madrid"]
[Source "lmi"]
[SourceDate "2016.08.19"]

1. e4 e5 2. Nf3 Nc6 3. Bb5 a6 4. Ba4 Nf6 5. O-O Be7 6. Re1 b5 7. Bb3 d6 8. c3
O-O 9. h3 Nb8 10. d4 Nbd7 11. Nbd2 Bb7 12. Bc2 Re8 13. Nf1 Bf8 14. Ng3 exd4 15.
cxd4 c5 16. d5 g6 17. Rb1 Rc8 18. b3 Ne5 19. Nh2 a5 20. f4 Ned7 21. Nf3 Qc7 22.
Kh2 Re7 23. f5 Bg7 24. Bg5 Ne5 25. Nxe5 Rxe5 26. Bf4 Ree8 27. Qd2 Nd7 28. Bh6
Be5 29. Qg5 Nf6 30. Kh1 Qd8 31. fxg6 hxg6 32. Rf1 Nxd5 33. Qg4 Nf6 34. Rxf6
Qxf6 35. Rf1 Qh8 36. Nf5 Rc7 37. Bd2 Qh5 38. Nh6+ Kg7 39. Nf5+ Kg8 40. Qxh5
gxh5 41. Bxa5 Rd7 42. Nh6+ Kg7 43. Nf5+ Kh7 44. Bd2 Ra8 45. a4 c4 46. axb5 Ra2
0-1

[Event "18. Open de Sants Hostafrancs 2016"]
[Site "Barcelona ESP"]
[Date "2016.08.25"]
[Round "7.30"]
[White "Cori T., Deysi"]
[Black "Alanic, Mickael"]
[Result "1/2-1/2"]
[WhiteElo "2433"]
[BlackElo "2295"]
[PlyCount "88"]
[EventDate "2016.08.19"]
[EventType "swiss"]
[EventRounds "10"]
[EventCountry "ESP"]
[SourceTitle "Ajedrez en Madrid"]
[Source "lmi"]
[SourceDate "2016.08.19"]

1. d4 Nf6 2. Nf3 g6 3. Bf4 Bg7 4. Qc1 c5 5. c3 Nc6 6. dxc5 b6 7. cxb6 Qxb6 8.
Be3 Qc7 9. g3 Rb8 10. Bg2 Ng4 11. b3 Ba6 12. h3 Nxe3 13. Qxe3 Qa5 14. O-O O-O
15. Nfd2 d5 16. b4 Qb5 17. a4 Qxe2 18. b5 Bxb5 19. axb5 Qxb5 20. Na3 Qa5 21.
Rfc1 e6 22. Nac4 Qc7 23. Qc5 Rfc8 24. Ra6 Qb7 25. Qa3 dxc4 26. Nxc4 Qd7 27. Qd6
Qxd6 28. Nxd6 Nd4 29. Nxc8 Ne2+ 30. Kh2 Nxc1 31. Ne7+ Kf8 32. Nc6 Rc8 33. c4
Nd3 34. Rxa7 Nxf2 35. Rd7 f5 36. Nd8 Be5 37. Nxe6+ Ke8 38. Rd5 Bb8 39. c5 Ke7
40. Nd4 Ne4 41. Bxe4 fxe4 42. c6 Kf6 43. Kg2 Be5 44. Nb3 Rxc6 1/2-1/2

[Event "18. Open de Sants Hostafrancs 2016"]
[Site "Barcelona ESP"]
[Date "2016.08.25"]
[Round "7.31"]
[White "Hess, Max"]
[Black "Ortega Amarelle, Mariano"]
[Result "1/2-1/2"]
[WhiteElo "2252"]
[BlackElo "2432"]
[PlyCount "36"]
[EventDate "2016.08.19"]
[EventType "swiss"]
[EventRounds "10"]
[EventCountry "ESP"]
[SourceTitle "Ajedrez en Madrid"]
[Source "lmi"]
[SourceDate "2016.08.19"]

1. e4 e5 2. Nf3 Nc6 3. Bc4 Nf6 4. d3 Be7 5. c3 O-O 6. Nbd2 d6 7. Bb3 Na5 8. Bc2
c5 9. O-O Qc7 10. Re1 Nc6 11. Nf1 Re8 12. Bg5 h6 13. Bxf6 Bxf6 14. Ne3 g6 15.
Bb3 Bg7 16. h4 Be6 17. h5 g5 18. Nh2 Red8 1/2-1/2

[Event "18. Open de Sants Hostafrancs 2016"]
[Site "Barcelona ESP"]
[Date "2016.08.25"]
[Round "7.32"]
[White "Ootes, Lars"]
[Black "Iglesias, Joachim"]
[Result "1/2-1/2"]
[WhiteElo "2422"]
[BlackElo "2286"]
[PlyCount "79"]
[EventDate "2016.08.19"]
[EventType "swiss"]
[EventRounds "10"]
[EventCountry "ESP"]
[SourceTitle "Ajedrez en Madrid"]
[Source "lmi"]
[SourceDate "2016.08.19"]

1. g3 d6 2. Bg2 e5 3. c4 Nf6 4. Nc3 c6 5. d3 Be7 6. Rb1 O-O 7. b4 d5 8. Qc2
dxc4 9. dxc4 Be6 10. Nf3 Nbd7 11. Nd1 a5 12. a3 axb4 13. axb4 b5 14. c5 Ra2 15.
Rb2 Nd5 16. Bd2 Ra1 17. e4 Nc7 18. O-O Qa8 19. Bc3 f6 20. Ne3 g6 21. Rxa1 Qxa1+
22. Rb1 Qa2 23. Qc1 Ra8 24. Ra1 Qb3 25. Rxa8+ Nxa8 26. Nd2 Qa2 27. f4 Nc7 28.
Nf3 Qe2 29. Bd2 g5 30. fxg5 fxg5 31. Qc3 Na6 32. Ne1 Qh5 33. Nf5 Bxf5 34. exf5
Nxb4 35. Qb3+ Nd5 36. Bxd5+ cxd5 37. Qxd5+ Qf7 38. Qxf7+ Kxf7 39. c6 Nc5 40.
Kg2 1/2-1/2

[Event "18. Open de Sants Hostafrancs 2016"]
[Site "Barcelona ESP"]
[Date "2016.08.25"]
[Round "7.33"]
[White "Ochsner, Bjorn Moller"]
[Black "Saravanan, V."]
[Result "1-0"]
[WhiteElo "2417"]
[BlackElo "2281"]
[PlyCount "73"]
[EventDate "2016.08.19"]
[EventType "swiss"]
[EventRounds "10"]
[EventCountry "ESP"]
[SourceTitle "Ajedrez en Madrid"]
[Source "lmi"]
[SourceDate "2016.08.19"]

1. d4 Nf6 2. c4 g6 3. Nc3 Bg7 4. e4 d6 5. Nf3 O-O 6. Be2 c5 7. O-O cxd4 8. Nxd4
Nc6 9. Be3 Bd7 10. Qd2 Nxd4 11. Bxd4 Bc6 12. f3 a5 13. Rab1 Nd7 14. Be3 Nc5 15.
b3 Qb6 16. Rfc1 Rfc8 17. Rc2 Qd8 18. Bf1 e6 19. Nb5 Be5 20. Nd4 Be8 21. a3 a4
22. b4 Nb3 23. Qf2 Qf6 24. Rd1 Bf4 25. Rc3 Bxe3 26. Qxe3 e5 27. Nxb3 axb3 28.
Qc1 Ba4 29. Rd5 Qe6 30. Qd2 b5 31. Rxd6 Qxd6 32. Qxd6 Rd8 33. Qd5 bxc4 34. Qxc4
Rd4 35. Qe2 Rad8 36. b5 Rd2 37. Rc8 1-0

[Event "18. Open de Sants Hostafrancs 2016"]
[Site "Barcelona ESP"]
[Date "2016.08.25"]
[Round "7.34"]
[White "Stella, Andrea"]
[Black "Porta Tovar, Guillem"]
[Result "1-0"]
[WhiteElo "2415"]
[BlackElo "2249"]
[PlyCount "89"]
[EventDate "2016.08.19"]
[EventType "swiss"]
[EventRounds "10"]
[EventCountry "ESP"]
[SourceTitle "Ajedrez en Madrid"]
[Source "lmi"]
[SourceDate "2016.08.19"]

1. d4 Nf6 2. c4 g6 3. Nf3 Bg7 4. g3 O-O 5. Bg2 d6 6. Nc3 c6 7. O-O Qb6 8. b3
Bg4 9. Bb2 Qa6 10. d5 Ne4 11. Qc2 Bf5 12. g4 Ng3 13. gxf5 Nxf1 14. Kxf1 Nd7 15.
Rd1 Nf6 16. Nd4 Rac8 17. Kg1 Rfd8 18. e4 Qa5 19. Qd2 c5 20. Nde2 a6 21. a4 Qb6
22. Qc2 Nh5 23. Bf3 Nf6 24. fxg6 hxg6 25. Nf4 Bh6 26. Nd3 Kg7 27. Bg2 Rh8 28.
h3 Kg8 29. f4 Nh5 30. Ne2 Bg7 31. e5 Qc7 32. Rf1 Rh6 33. Qd2 b5 34. f5 bxc4 35.
bxc4 dxe5 36. Bxe5 Qd7 37. Bxg7 Kxg7 38. fxg6 f6 39. Nef4 Nxf4 40. Nxf4 Rch8
41. Qe3 Rh4 42. Re1 Re8 43. Qg3 Rh6 44. Ne6+ Kg8 45. Nc7 1-0

[Event "18. Open de Sants Hostafrancs 2016"]
[Site "Barcelona ESP"]
[Date "2016.08.25"]
[Round "7.35"]
[White "Torres Novalbos, David"]
[Black "Brochet, Philippe"]
[Result "0-1"]
[WhiteElo "2011"]
[BlackElo "2401"]
[PlyCount "88"]
[EventDate "2016.08.19"]
[EventType "swiss"]
[EventRounds "10"]
[EventCountry "ESP"]
[SourceTitle "Ajedrez en Madrid"]
[Source "lmi"]
[SourceDate "2016.08.19"]

1. e4 c5 2. Nf3 Nc6 3. Bb5 Qb6 4. Nc3 e6 5. O-O Nge7 6. Re1 Nd4 7. Bc4 Nxf3+ 8.
Qxf3 Nc6 9. Qd1 d6 10. a3 Bd7 11. d3 Be7 12. Rb1 Bf6 13. Nb5 Ne5 14. f4 Bxb5
15. fxe5 Bxe5 16. Bxb5+ Qxb5 17. c4 Qd7 18. b4 O-O 19. b5 Rad8 20. Kh1 Rfe8 21.
Qh5 g6 22. Qg4 d5 23. Bg5 f6 24. exd5 Qd6 25. Bh6 exd5 26. Rbd1 Qe6 27. Qf3 b6
28. h4 dxc4 29. dxc4 Qxc4 30. g3 Rxd1 31. Rxd1 Bd4 32. Qc6 Qe6 33. Qxe6+ Rxe6
34. Bf4 Kf7 35. Kg2 Re2+ 36. Kf3 Rb2 37. Ke4 Ke6 38. Bb8 Rxb5 39. Bxa7 Rb3 40.
g4 Be5 41. Rf1 Rxa3 42. Bxb6 f5+ 43. gxf5+ gxf5+ 44. Rxf5 Ra4+ 0-1

[Event "18. Open de Sants Hostafrancs 2016"]
[Site "Barcelona ESP"]
[Date "2016.08.25"]
[Round "7.37"]
[White "Gemy, Jose Daniel"]
[Black "Hernandez Moya, Yuleisy"]
[Result "1-0"]
[WhiteElo "2384"]
[BlackElo "2239"]
[PlyCount "57"]
[EventDate "2016.08.19"]
[EventType "swiss"]
[EventRounds "10"]
[EventCountry "ESP"]
[SourceTitle "Ajedrez en Madrid"]
[Source "lmi"]
[SourceDate "2016.08.19"]

1. Nf3 f5 2. d3 Nf6 3. Bg5 d6 4. Nc3 e5 5. e4 Be6 6. d4 fxe4 7. Nxe4 Be7 8. Ng3
Nbd7 9. Bd3 c6 10. Qe2 Bg4 11. O-O-O Qa5 12. Kb1 O-O-O 13. Bf5 Bxf3 14. gxf3
Kc7 15. Bd2 Qb6 16. f4 Rhe8 17. Bxd7 Rxd7 18. fxe5 dxe5 19. dxe5 Ba3 20. Bc1
Nd5 21. Ka1 Rde7 22. bxa3 Nc3 23. Be3 Nxe2 24. Bxb6+ axb6 25. Nxe2 Rxe5 26. Nd4
Rf8 27. Rd2 Ra8 28. Kb2 c5 29. Nb5+ 1-0

[Event "18. Open de Sants Hostafrancs 2016"]
[Site "Barcelona ESP"]
[Date "2016.08.25"]
[Round "7.38"]
[White "Kvetny, Mark"]
[Black "Porta Tovar, Oriol"]
[Result "1-0"]
[WhiteElo "2379"]
[BlackElo "2170"]
[PlyCount "133"]
[EventDate "2016.08.19"]
[EventType "swiss"]
[EventRounds "10"]
[EventCountry "ESP"]
[SourceTitle "Ajedrez en Madrid"]
[Source "lmi"]
[SourceDate "2016.08.19"]

1. d4 Nf6 2. c4 g6 3. Nc3 Bg7 4. e4 d6 5. Be2 O-O 6. Bg5 Nbd7 7. Qd2 a6 8. Nf3
Rb8 9. O-O b5 10. cxb5 axb5 11. b4 c5 12. Rab1 Bb7 13. d5 Ba6 14. Rfe1 cxb4 15.
Rxb4 Qa5 16. Reb1 Rfc8 17. Nd4 Rxc3 18. Bxf6 Nxf6 19. Qxc3 Nxe4 20. Qe3 Bxd4
21. Qxd4 Nf6 22. a4 Rc8 23. axb5 Bb7 24. Ra4 Qd8 25. Bf3 Rc5 26. Rc4 Rxc4 27.
Qxc4 Qb6 28. Re1 Kf8 29. h3 Nd7 30. Qh4 Nf6 31. Qh6+ Kg8 32. Rxe7 Qxb5 33. Qf4
Kg7 34. g4 h6 35. Qxd6 Bxd5 36. Bxd5 Qxd5 37. Qxd5 Nxd5 38. Re5 Nf6 39. f4 Nd7
40. Ra5 Nf8 41. Kf2 Nh7 42. Kf3 Nf6 43. Ra6 Nd7 44. Ra7 Nf6 45. Rb7 Ne8 46. Rb8
Nf6 47. Ke3 Nd5+ 48. Ke4 Nf6+ 49. Kd4 Nd7 50. Rb7 Nf6 51. Ke5 Nh7 52. Rb8 Nf6
53. Rd8 Nh7 54. Kd6 Nf6 55. Ke7 Ng8+ 56. Rxg8+ Kxg8 57. Kf6 Kf8 58. h4 Kg8 59.
h5 gxh5 60. gxh5 Kf8 61. f5 Ke8 62. Kg7 Ke7 63. Kxh6 Kf6 64. Kh7 Kxf5 65. Kg7
Kg5 66. h6 f5 67. h7 1-0

[Event "18. Open de Sants Hostafrancs 2016"]
[Site "Barcelona ESP"]
[Date "2016.08.25"]
[Round "7.39"]
[White "Lujan, Carolina"]
[Black "Sanchez, Nicolas"]
[Result "1-0"]
[WhiteElo "2378"]
[BlackElo "2176"]
[PlyCount "109"]
[EventDate "2016.08.19"]
[EventType "swiss"]
[EventRounds "10"]
[EventCountry "ESP"]
[SourceTitle "Ajedrez en Madrid"]
[Source "lmi"]
[SourceDate "2016.08.19"]

1. e4 c5 2. Nc3 a6 3. Nf3 d6 4. d4 cxd4 5. Nxd4 Nf6 6. g3 e5 7. Nb3 b5 8. Bg2
Bb7 9. O-O Nbd7 10. Re1 Rc8 11. Bd2 Qc7 12. a4 bxa4 13. Nxa4 Be7 14. Na5 Ba8
15. c4 O-O 16. b4 Rb8 17. Rb1 Rfc8 18. Qe2 Bd8 19. Red1 Nf8 20. Nc3 Ne6 21. Nd5
Nd4 22. Qd3 Qd7 23. Be3 Nc6 24. Nxc6 Bxc6 25. Nxf6+ Bxf6 26. c5 Ba4 27. Rd2 Qc6
28. Qxd6 a5 29. Qxc6 Bxc6 30. Rdb2 axb4 31. Rxb4 Ra8 32. h4 Kf8 33. Bf1 Ke7 34.
Be2 Kd8 35. Bg4 Rc7 36. Be2 Rcc8 37. f3 Kc7 38. Bc4 Be7 39. Bd5 Ra3 40. R4b3
Rxb3 41. Rxb3 f6 42. Ra3 Kb7 43. Rb3+ Kc7 44. Kf1 Rd8 45. Be6 Ra8 46. Ke2 Ra5
47. Rc3 Rb5 48. Rc2 Kb7 49. Kd3 Rb1 50. Bd5 Rb5 51. Kc4 Ra5 52. Rb2+ Kc7 53.
Rb6 Bd7 54. Rb7+ Kd8 55. c6 1-0

[Event "18. Open de Sants Hostafrancs 2016"]
[Site "Barcelona ESP"]
[Date "2016.08.25"]
[Round "7.40"]
[White "Riu Lopez, Daniel"]
[Black "Zwirs, Nico"]
[Result "1-0"]
[WhiteElo "1912"]
[BlackElo "2374"]
[PlyCount "47"]
[EventDate "2016.08.19"]
[EventType "swiss"]
[EventRounds "10"]
[EventCountry "ESP"]
[SourceTitle "Ajedrez en Madrid"]
[Source "lmi"]
[SourceDate "2016.08.19"]

1. e4 c5 2. Nc3 Nc6 3. f4 g6 4. Nf3 Bg7 5. Bc4 a6 6. a4 d6 7. O-O Nf6 8. d3 Nd4
9. Nxd4 cxd4 10. Ne2 d5 11. exd5 Nxd5 12. Ng3 e6 13. Qf3 O-O 14. f5 Be5 15. Bh6
Ne3 16. Bxf8 Nxf1 17. Rxf1 Qxf8 18. fxe6 Bxe6 19. Bxe6 fxe6 20. Qxb7 Qe8 21.
Ne4 Rc8 22. Qxa6 Rxc2 23. Qb7 Rc7 24. Qxc7 1-0

[Event "18. Open de Sants Hostafrancs 2016"]
[Site "Barcelona ESP"]
[Date "2016.08.25"]
[Round "7.41"]
[White "Rasch, Holger"]
[Black "Comas Fabrego, Lluis"]
[Result "1/2-1/2"]
[WhiteElo "2221"]
[BlackElo "2507"]
[PlyCount "56"]
[EventDate "2016.08.19"]
[EventType "swiss"]
[EventRounds "10"]
[EventCountry "ESP"]
[SourceTitle "Ajedrez en Madrid"]
[Source "lmi"]
[SourceDate "2016.08.19"]

1. e4 Nf6 2. e5 Nd5 3. d4 d6 4. c4 Nb6 5. exd6 cxd6 6. Nc3 g6 7. Bd3 Bg7 8.
Nge2 O-O 9. b3 d5 10. c5 N6d7 11. Be3 Nc6 12. Rc1 e5 13. dxe5 Ndxe5 14. Bb1 Be6
15. Nd4 Qh4 16. O-O Nxd4 17. Bxd4 Qxd4 18. Qxd4 Nf3+ 19. gxf3 Bxd4 20. Nxd5
Bxd5 21. Rcd1 Bxf3 22. Rxd4 Rad8 23. Rf4 Bc6 24. Be4 Rfe8 25. Bxc6 bxc6 26. Ra4
Rd7 27. Ra6 Re6 28. b4 Kg7 1/2-1/2

[Event "18. Open de Sants Hostafrancs 2016"]
[Site "Barcelona ESP"]
[Date "2016.08.25"]
[Round "7.42"]
[White "Kobo, Ori"]
[Black "Chirivi C, Jenny Astrid"]
[Result "1-0"]
[WhiteElo "2489"]
[BlackElo "2230"]
[PlyCount "79"]
[EventDate "2016.08.19"]
[EventType "swiss"]
[EventRounds "10"]
[EventCountry "ESP"]
[SourceTitle "Ajedrez en Madrid"]
[Source "lmi"]
[SourceDate "2016.08.19"]

1. e4 c5 2. Nf3 e6 3. d4 cxd4 4. Nxd4 a6 5. c4 Nf6 6. Nc3 Qc7 7. Be2 b6 8. Be3
Bb7 9. f3 d6 10. O-O Nbd7 11. Qd2 Be7 12. Rfc1 O-O 13. a4 Rfc8 14. a5 bxa5 15.
Nb3 Qb8 16. Nxa5 Ne5 17. Na4 Nfd7 18. b4 Bc6 19. Nxc6 Nxc6 20. Rab1 Rc7 21. b5
axb5 22. cxb5 Nd8 23. Rxc7 Qxc7 24. b6 Qb7 25. Qc2 Rc8 26. Qb3 Bf6 27. Rd1 Be7
28. Qb5 Kf8 29. Nb2 Nc5 30. Nc4 Qc6 31. Nxd6 Bxd6 32. Qxc6 Rxc6 33. Rxd6 Ncb7
34. Rd7 Rc3 35. Kf2 Rc2 36. Ke1 Ra2 37. Bb5 Ra1+ 38. Kf2 Ra2+ 39. Kg3 Ra3 40.
Rxd8+ 1-0

[Event "18. Open de Sants Hostafrancs 2016"]
[Site "Barcelona ESP"]
[Date "2016.08.25"]
[Round "7.43"]
[White "Cuartas, Jaime Alexander"]
[Black "Albertini, Luca"]
[Result "1-0"]
[WhiteElo "2481"]
[BlackElo "2222"]
[PlyCount "65"]
[EventDate "2016.08.19"]
[EventType "swiss"]
[EventRounds "10"]
[EventCountry "ESP"]
[SourceTitle "Ajedrez en Madrid"]
[Source "lmi"]
[SourceDate "2016.08.19"]

1. e4 e5 2. Nf3 Nc6 3. Bb5 a6 4. Ba4 Nf6 5. O-O Be7 6. Bxc6 dxc6 7. d3 Nd7 8.
Nbd2 O-O 9. Nc4 Bf6 10. b4 Re8 11. Bb2 Re6 12. a4 Qe8 13. Qd2 c5 14. bxc5 Nxc5
15. a5 b5 16. axb6 cxb6 17. Qe3 Nd7 18. Ba3 Be7 19. Bxe7 Qxe7 20. Rfb1 Rb8 21.
Qd2 f6 22. d4 Rc6 23. Ne3 exd4 24. Nxd4 Rc5 25. Nef5 Qe8 26. Nb3 Rc7 27. Qd5+
Qf7 28. Ne7+ Kf8 29. Qd6 Qxe7 30. Qxc7 Qe5 31. Qxe5 Nxe5 32. Nc5 a5 33. Rxa5
1-0

[Event "18. Open de Sants Hostafrancs 2016"]
[Site "Barcelona ESP"]
[Date "2016.08.25"]
[Round "7.44"]
[White "Martorell Aguado, Joan"]
[Black "Mullon, Jean-baptiste"]
[Result "1/2-1/2"]
[WhiteElo "2206"]
[BlackElo "2412"]
[PlyCount "86"]
[EventDate "2016.08.19"]
[EventType "swiss"]
[EventRounds "10"]
[EventCountry "ESP"]
[SourceTitle "Ajedrez en Madrid"]
[Source "lmi"]
[SourceDate "2016.08.19"]

1. c4 Nf6 2. Nc3 e5 3. g3 d5 4. cxd5 Nxd5 5. Bg2 Nb6 6. Nf3 Nc6 7. O-O Be7 8.
a3 O-O 9. b4 Be6 10. d3 f6 11. Ne4 Qd7 12. Be3 Nd4 13. Nxd4 exd4 14. Bd2 Rad8
15. Qc2 c6 16. a4 Bh3 17. Rfc1 Bxg2 18. Kxg2 a6 19. b5 axb5 20. axb5 cxb5 21.
Ba5 Rc8 22. Qa2+ Nd5 23. Bb6 Kh8 24. Bxd4 f5 25. Nd2 Rce8 26. Qb2 Bg5 27. e3 f4
28. gxf4 Rxf4 29. exf4 Nxf4+ 30. Kf1 Nxd3 31. Bxg7+ Kg8 32. Qd4 Qxd4 33. Bxd4
Nxc1 34. Rxc1 Bxd2 35. Rc7 Re4 36. Ba7 b4 37. Rxb7 Bc3 38. Bb8 h5 39. Kg2 Kf8
40. Kf3 Rc4 41. Ke3 Ke8 42. f4 Bf6 43. Bd6 Bc3 1/2-1/2

[Event "18. Open de Sants Hostafrancs 2016"]
[Site "Barcelona ESP"]
[Date "2016.08.25"]
[Round "7.45"]
[White "Fernandez, Fernando"]
[Black "Cacciola, Alfredo"]
[Result "1-0"]
[WhiteElo "2406"]
[BlackElo "2215"]
[PlyCount "95"]
[EventDate "2016.08.19"]
[EventType "swiss"]
[EventRounds "10"]
[EventCountry "ESP"]
[SourceTitle "Ajedrez en Madrid"]
[Source "lmi"]
[SourceDate "2016.08.19"]

1. d4 Nf6 2. c4 g6 3. Nf3 Bg7 4. g3 O-O 5. Bg2 d6 6. O-O Nc6 7. Nc3 Bf5 8. Be3
Ng4 9. Bf4 e5 10. Bg5 f6 11. Bc1 Nh6 12. d5 Ne7 13. Qb3 b6 14. e4 Bd7 15. Be3
Ng4 16. Bd2 Bh6 17. Qc2 Bxd2 18. Qxd2 Kg7 19. b4 Nh6 20. a3 Nf7 21. Ne1 g5 22.
Nd3 Ng6 23. Nd1 f5 24. exf5 Bxf5 25. Ne3 Bd7 26. c5 Nh6 27. a4 Nf5 28. cxd6
cxd6 29. Nxf5+ Bxf5 30. Rac1 e4 31. Nb2 Ne5 32. Nc4 Nd3 33. Rc3 Qf6 34. Ne3 Ne5
35. Nxf5+ Qxf5 36. Qd4 Qf6 37. Qxe4 Rac8 38. Rxc8 Rxc8 39. f4 gxf4 40. gxf4 Ng6
41. Qe6 Rc2 42. Kh1 Rc4 43. f5 Nf4 44. Qe3 Nxg2 45. Qg3+ Kf7 46. Qxg2 Rxb4 47.
Rg1 Ke7 48. Qg8 1-0